Načítá se...

Economics of the distributive trades /

Podrobná bibliografie
Hlavní autor: McNally, Patrick
Médium: Printed Book
Jazyk:English
Vydáno: London : George Allen & Unwin, 1971.
Edice:Studies in economics Ed by Charles Carter
Témata:
LEADER 00554nam a2200157Ia 4500
008 150624b xxu||||| |||| 00| 0 eng d
082 |a 658.8 
100 |a McNally, Patrick 
245 |a Economics of the distributive trades /  |c Patrick McNally 
260 |a London :  |b George Allen & Unwin,  |c 1971. 
300 |a 170 p. 
490 |a Studies in economics Ed by Charles Carter 
650 |x Marketing. 
942 |c BK 
999 |c 11019  |d 11019 
952 |0 0  |1 0  |4 0  |6 658_800000000000000_MCA_E  |7 0  |9 11018  |a UL  |b UL  |c SEC  |d 1998-09-01  |l 0  |o 658.8 MCA/E  |p 17021  |r 2012-10-27  |w 2012-10-27  |y BK